Francouzsky efektivně.

Uložené v:
Podrobná bibliografia
Médium: Elektronický zdroj
Jazyk:Slovak
Tagy: Pridať tag
Žiadne tagy, Buďte prvý kto otaguje tento záznam!

MARC

LEADER 00000nmm a2200000 a 4500
001 000315421
005 00000000000000.0
008 s xo |||| slo#d
245 |a Francouzsky efektivně.  |h elektronický zdroj 
500 |a Záznam neprešiel kontrolou 
910 |a svkkk 
998 |a ER 
090 |g SCKHL  |k Stredisko VTI  |a CDA.1357  |j 1508  |i 315421-10  |4 Zastaraná  |s Vyradená